| 000 | 01540cam a22004694i 4500 | ||
|---|---|---|---|
| 003 | PE-LiUPU | ||
| 005 | 20250731173551.0 | ||
| 008 | 150616s1997 r 000 0 eng d | ||
| 020 | _a9652234567 | ||
| 035 | _a(Sirsi) i9789652234568 | ||
| 040 |
_aPE-LiUPU _bspa _cPE-LiUPU _erda |
||
| 049 | _aPRUA | ||
| 082 | 0 | 4 |
_a222.12077 _bC28 _221 |
| 100 | 1 |
_aCassuto, Umberto, _eautor. |
|
| 245 | 1 | 2 |
_aA Commentary on the Book of Exodus / _cUmberto Cassuto. |
| 264 | 1 |
_aJerusalem : _bThe Hebrew University, _c1997. |
|
| 300 |
_a509 páginas ; _c25 centímetros |
||
| 336 |
_atext _2rdacontent |
||
| 337 |
_aunmediated _2rdamedia |
||
| 338 |
_avolume _2rdacarrier |
||
| 505 | 0 | _aThe bondage and liberation.- The Torah and its precepts. | |
| 526 | _aSEG42 | ||
| 526 | _aSEG41 | ||
| 526 | _aSEG40 | ||
| 526 | _aSEG39 | ||
| 526 | _aP94 | ||
| 526 | _aP87 | ||
| 526 | _aP86 | ||
| 526 | _aP85 | ||
| 526 | _aP77 | ||
| 526 | _aP76 | ||
| 526 | _aP35 | ||
| 630 |
_aBiblia. _pA.T. _pExodo _xComentarios. |
||
| 650 | 0 | 4 | _aExodo. |
| 910 |
_ajck _bjvq _cjck |
||
| 942 |
_2ddc _cBOOK |
||
| 949 |
_a222.12077 C28 _wDEWEY _c1 _i43150 _lCCODEBUL1 _mBUL _r0 _sY _tBOOK _u2015-6-16 _xTEOLOGIA _zUNKNOWN _0COMPRA _o.STAFF. Colección General |
||
| 994 |
_aC0 _bPEPRU |
||
| 596 | _a1 | ||
| 999 |
_a222.12077 C28 _wDEWEY _c61108 _i43150 _d61108 _e2017-6-28 _f2021-11-9 _g5 _lCCODEBUL1 _mBUL _n3 _p39.95 _q1 _r0 _sY _tBOOK _u2015-6-16 _xTEOLOGIA _PP35 _0COMPRA _o.STAFF. Colección Teología |
||
| 980 |
_81 _gALBERTO SANCHEZ Responsable de Automatización |
||